[Event "AUTO-INT-2698"]
[Site "http://www.queenalice.com/game.php?id=1206704"]
[Date "2013.8.9"]
[Round "1"]
[White "kykobr"]
[Black "WMazzini"]
[Result "1-0"]
[WhiteElo "1542"]
[BlackElo "1417"]

1. e4 e5 2. Nf3 Nc6 3. Bb5 a6 4. Ba4 b5 5. Bb3 Nf6 6. O-O d5 7. d3 Ng4 8. Bxd5
Bb7 9. Bxf7+ Kxf7 10. Nc3 Bd6 11. Bg5 Nf6 12. Nd5 Ne7 13. Nxf6 h6 14. Bh4 g5 15.
Nxg5+ Kxf6 16. Nf3+ Ke6 17. c3 Qg8 18. d4 Bxe4 19. Qe2 Qg6 20. Bg3 Raf8 21. Rae1
h5 22. Nxe5 Qf5 23. Qxe4 Qxe4 24. Rxe4 Ng6 25. Nxg6+ Kf5 26. Bxd6 cxd6 27. Nxf8
Rxf8 28. Rfe1 d5 29. Re5+ Kf4 30. R1e3 Rg8 31. Rf3+ Kg4 32. h3+ Kh4 33. Rf4+ Rg4
34. hxg4 hxg4 35. f3 Kg3 36. Rxg4# 1-0

[Event "AUTO-OPEN-3066"]
[Site "http://www.queenalice.com/game.php?id=1211790"]
[Date "2013.8.27"]
[Round "1"]
[White "WMazzini"]
[Black "goldenboy"]
[Result "0-1"]
[WhiteElo "1451"]
[BlackElo "2079"]

1. e4 e5 2. d4 exd4 3. Qxd4 Nc6 4. Qc3 Bb4 5. Bg5 Bxc3+ 6. Nxc3 Qxg5 7. Nf3 Qa5
8. a3 Nf6 9. O-O-O d6 10. b4 Qxa3+ 11. Kd2 Qxb4 12. Rb1 Nxe4+ 13. Kd3 Qxc3+ 14.
Kxe4 Qxc2+ 15. Bd3 Bf5+ 16. Kxf5 Qxd3+ 17. Kf4 O-O-O 18. Rhd1 Qc3 19. g4 Ne5 20.
Nxe5 dxe5+ 21. Ke4 Qc2+ 22. Kxe5 Rxd1 23. Rxd1 Qxd1 24. f4 Qd3 25. g5 Re8# 0-1

[Event "AUTO-OPEN-3066"]
[Site "http://www.queenalice.com/game.php?id=1211791"]
[Date "2013.8.27"]
[Round "1"]
[White "goldenboy"]
[Black "WMazzini"]
[Result "1-0"]
[WhiteElo "2097"]
[BlackElo "1453"]

1. e4 e5 2. f4 Nc6 3. Nf3 f5 4. Nc3 Nf6 5. exf5 d5 6. fxe5 Qe7 7. d4 Ng4 8. Nxd5
Qd7 9. Bc4 Nb4 10. Nxb4 Qxf5 11. O-O Bxb4 12. Ng5 Qg6 13. Bf7+ Qxf7 14. Rxf7 Nh6
15. Rxg7 Nf5 16. Qh5+ Kd8 17. Nf7+ Ke8 18. Nd6+ Kd8 19. Qg5+ Ne7 20. Qxe7# 1-0

[Event "AUTO-OPEN-3066"]
[Site "http://www.queenalice.com/game.php?id=1211792"]
[Date "2013.8.27"]
[Round "1"]
[White "WMazzini"]
[Black "Licaon86"]
[Result "0-1"]
[WhiteElo "1409"]
[BlackElo "2125"]

1. d4 e6 2. e4 d5 3. Nc3 Bb4 4. Bd2 dxe4 5. Nge2 f5 6. Nf4 Qxd4 7. Nfe2 Qd6 8.
a3 Bxc3 9. Bxc3 Qxd1+ 10. Rxd1 Nf6 11. Nd4 a6 12. Bc4 Nd5 13. f3 exf3 14. Nxf3
Nxc3 15. bxc3 b5 16. Be2 Bb7 17. Ne5 Ke7 18. c4 Rd8 19. Rd3 Nc6 20. Bf3 Rxd3 21.
Nxd3 bxc4 22. Nc5 Nd8 23. Nxb7 Nxb7 24. Bxb7 Rb8 25. Bxa6 Rb1+ 26. Kf2 Rxh1 27.
Bxc4 Rxh2 28. a4 Rh4 29. Bb3 Kd6 30. a5 Rb4 31. a6 Rb8 32. c4 Rxb3 33. a7 Ra3
34. a8=Q Rxa8 35. g3 Ke5 36. Kf3 Ra3+ 37. Kf2 Ke4 38. Ke2 Ra2+ 39. Kd1 Kd3 40.
c5 Ra1# 0-1

[Event "AUTO-OPEN-3066"]
[Site "http://www.queenalice.com/game.php?id=1211793"]
[Date "2013.8.27"]
[Round "1"]
[White "Licaon86"]
[Black "WMazzini"]
[Result "1-0"]
[WhiteElo "2045"]
[BlackElo "1433"]

1. e4 e5 2. Nc3 Nf6 3. g3 c5 4. Bg2 d6 5. Nge2 Bg4 6. O-O Nc6 7. h3 Bh5 8. d3 a6
9. a4 Qa5 10. Bd2 Nb4 11. g4 Bg6 12. f4 h5 13. f5 Bh7 14. g5 Nd7 15. Nd5 O-O-O
16. Nc1 Nxd3 17. Bxa5 Nxb2 18. Qe2 g6 19. Bxd8 Kxd8 20. f6 a5 21. Qb5 Nxf6 22.
Rxf6 Bg7 23. Rxf7 Rf8 24. Qd7# 1-0

[Event "AUTO-OPEN-3066"]
[Site "http://www.queenalice.com/game.php?id=1211794"]
[Date "2013.8.27"]
[Round "1"]
[White "WMazzini"]
[Black "Danado"]
[Result "0-1"]
[WhiteElo "1449"]
[BlackElo "1741"]

1. c4 e5 2. d4 Nc6 3. Be3 Bb4+ 4. Bd2 Bxd2+ 5. Qxd2 Nxd4 6. e3 Ne6 7. Nc3 c6 8.
e4 Nf6 9. f3 Nc7 10. f4 exf4 11. Qxf4 Ne6 12. Qg3 d5 13. Qe5 Nxe4 14. Nxe4 dxe4
15. Qxe4 Qa5+ 16. Kd1 Bd7 17. a3 O-O-O 18. Nf3 Nc5 19. Qe3 Bg4+ 20. Kc1 Rhe8 21.
Ne5 Rxe5 22. b4 Rxe3 23. bxa5 Nb3+ 24. Kb2 Rd2+ 25. Kb1 Re1# 0-1

[Event "AUTO-OPEN-3066"]
[Site "http://www.queenalice.com/game.php?id=1211795"]
[Date "2013.8.27"]
[Round "1"]
[White "Danado"]
[Black "WMazzini"]
[Result "1-0"]
[WhiteElo "1745"]
[BlackElo "1423"]

1. e4 e5 2. Nf3 Nc6 3. d3 Bb4+ 4. Bd2 d5 5. Bxb4 Nxb4 6. Nxe5 Qd6 7. Nf3 Nf6 8.
Qe2 Bg4 9. c3 Nc6 10. h3 Be6 11. Nbd2 O-O-O 12. d4 Nh5 13. e5 Qe7 14. c4 dxc4
15. Nxc4 Nxd4 16. Nxd4 Rxd4 17. Nd2 Rhd8 18. Rd1 c5 19. g3 g6 20. Bg2 Qg5 21.
Qe3 Qxe3+ 22. fxe3 Nxg3 23. exd4 Nxh1 24. Bxh1 cxd4 25. Nb3 d3 26. h4 b6 27. Be4
a5 28. Bxd3 a4 29. Nc1 Rd5 30. Ba6+ Kc7 31. Rxd5 Bxd5 32. a3 h6 33. Bb5 Bc6 34.
Bc4 Be8 35. Nd3 Kd7 36. Nb4 g5 37. hxg5 hxg5 38. Nd3 Ke7 39. Kf2 Bc6 40. Kg3 f5
41. b4 Bd7 42. Ba2 Bb5 43. Nf2 Bd7 44. Bb1 f4+ 45. Kf3 Ke6 46. Nd3 Kf5 47. Nc5+
Kxe5 48. Nxd7+ Ke6 49. Nxb6 Ke5 50. Nxa4 Kf6 51. b5 Kg7 52. b6 Kh6 53. Kg4 f3
54. Kxf3 Kh5 55. Bf5 g4+ 56. Bxg4+ Kg5 57. b7 Kf6 58. b8=Q Kf7 59. Qd6 Kg7 60.
Kf4 Kf7 61. Qe6+ Kg7 62. Kg5 Kh7 63. Qe7+ Kg8 64. Kg6 Kh8 65. Qg7# 1-0

[Event "AUTO-INT-2713"]
[Site "http://www.queenalice.com/game.php?id=1212974"]
[Date "2013.8.30"]
[Round "1"]
[White "sidneyjmg"]
[Black "WMazzini"]
[Result "1-0"]
[WhiteElo "1447"]
[BlackElo "1424"]

1. e4 e5 2. Nf3 Nc6 3. Bb5 d5 4. Nxe5 f6 5. Nxc6 Qd6 6. Qh5+ g6 7. Ne5+ c6 8.
Nxg6 hxg6 9. Qxh8 Be6 10. Be2 dxe4 11. O-O f5 12. d3 Nh6 13. Bxh6 b5 14. dxe4
O-O-O 15. Bxf8 Rxf8 16. Qg7 Bf7 17. e5 Qe7 18. e6 Rg8 19. Qxf7 Qxf7 20. exf7 Rf8
21. a4 Kb7 22. axb5 cxb5 23. Bxb5 Rxf7 24. Nc3 g5 25. Rfd1 f4 26. Rd7+ Rxd7 27.
Bxd7 a6 28. Nd5 a5 29. Rxa5 Kb8 30. Bc6 Kc8 31. Ra8# 1-0

[Event "AUTO-INT-2713"]
[Site "http://www.queenalice.com/game.php?id=1212975"]
[Date "2013.8.30"]
[Round "1"]
[White "WMazzini"]
[Black "sidneyjmg"]
[Result "0-1"]
[WhiteElo "1442"]
[BlackElo "1431"]

1. e4 e5 2. c4 Nc6 3. Nf3 d6 4. Nc3 Bg4 5. Be2 f5 6. b3 fxe4 7. Nxe4 Nf6 8. d3
Be7 9. Bb2 O-O 10. d4 Nxe4 11. O-O exd4 12. Nxd4 Bd7 13. f3 Nc5 14. Qc2 Nxd4 15.
Bxd4 Bf6 16. Rad1 Bxd4+ 17. Rxd4 Qf6 18. Rfd1 Rae8 19. g3 Qe5 20. R1d2 Qe3+ 21.
Kf1 Bh3+ 22. Ke1 Qg1# 0-1

[Event "AUTO-INT-2713"]
[Site "http://www.queenalice.com/game.php?id=1212990"]
[Date "2013.8.30"]
[Round "1"]
[White "lani"]
[Black "WMazzini"]
[Result "1-0"]
[WhiteElo "1768"]
[BlackElo "1415"]

1. e4 e5 2. Nf3 Nc6 3. Bc4 Nf6 4. Ng5 d5 5. exd5 Nxd5 6. d3 Be7 7. Nf3 Bc5 8.
O-O h6 9. a3 g5 10. b4 Be7 11. Bb2 f6 12. Nc3 Be6 13. Nxd5 Bxd5 14. Bxd5 Qxd5
15. c4 Qe6 16. Re1 Bd6 17. Qc2 g4 18. Nd2 f5 19. c5 Be7 20. Nc4 O-O-O 21. Nxe5
Nxe5 22. Bxe5 Rhg8 23. Bxc7 Qd7 24. Bxd8 Bxd8 25. Rad1 Bh4 26. g3 Bg5 27. d4 Qd5
28. Re5 Qf7 29. Qxf5+ Qxf5 30. Rxf5 Re8 31. Kf1 Re4 32. d5 Kd7 33. Rf7+ Kc8 34.
Re1 Rd4 35. d6 b6 36. d7+ Kd8 37. Re8+ Kc7 38. d8=Q+ Kc6 39. Qxd4 h5 40. Qc4 b5
41. Re6# 1-0

[Event "AUTO-INT-2713"]
[Site "http://www.queenalice.com/game.php?id=1212991"]
[Date "2013.8.30"]
[Round "1"]
[White "WMazzini"]
[Black "lani"]
[Result "0-1"]
[WhiteElo "1407"]
[BlackElo "1869"]

1. d4 e6 2. e4 Nc6 3. e5 d6 4. f4 dxe5 5. fxe5 Qxd4 6. Qxd4 Nxd4 7. Bd3 Ne7 8.
Be3 Ndc6 9. Nf3 Nd5 10. Bg5 Be7 11. h4 h6 12. Bxe7 Ndxe7 13. Nc3 Ng6 14. g3
Ncxe5 15. Nxe5 Nxe5 16. Rd1 Nxd3+ 17. Rxd3 O-O 18. Ne4 b6 19. c4 Bb7 20. Rd4 c5
21. Rd2 Bxe4 22. Rg1 Rad8 23. Rxd8 Rxd8 24. Kf2 Rd2+ 25. Ke3 Rg2 26. Rd1 f5 27.
Rd6 Rxg3+ 28. Kf4 Rg4+ 29. Ke3 Rxh4 30. Rxe6 Bb1 31. a3 Rxc4 32. Re8+ Kf7 33.
Re5 Re4+ 34. Rxe4 Bxe4 35. Kd2 g5 36. Ke3 Ke6 37. b3 b5 38. b4 c4 39. Kd2 Kd5
40. Kc3 g4 41. Kd2 Kd4 42. Ke2 f4 43. Kf2 h5 44. Ke2 g3 0-1

[Event "AUTO-INT-2713"]
[Site "http://www.queenalice.com/game.php?id=1213000"]
[Date "2013.8.30"]
[Round "1"]
[White "TomasBlack"]
[Black "WMazzini"]
[Result "1-0"]
[WhiteElo "1689"]
[BlackElo "1420"]

1. e4 e5 2. d3 Nc6 3. Be3 d5 4. Nc3 Be6 5. Qd2 Bb4 6. a3 d4 7. axb4 Nxb4 8. Ra5
Qd6 9. Nb5 Qc5 10. c4 b6 11. Bxd4 exd4 12. Ra4 Nc6 13. Nxc7+ Kd8 14. Nxa8 b5 15.
cxb5 Qxb5 16. Ra1 Nge7 17. Qf4 Qb7 18. Qd6+ Ke8 19. Nc7+ Kf8 20. Rb1 Qc8 21. Nb5
g6 22. Rc1 Bd7 23. Nxd4 h5 24. Ngf3 a5 25. Ne5 Nxe5 26. Rxc8+ Bxc8 27. Qd8+ Kg7
28. Qxe7 Ng4 29. f3 Ne3 30. Ne6+ Bxe6 31. Kd2 Nxg2 32. Bxg2 Kh6 33. Qb7 Rh7 34.
Ra1 f6 35. Qb6 Re7 36. Rxa5 g5 37. Ra8 f5 38. exf5 h4 39. Rh8+ Kg7 40. Qd8 Bxf5
41. Qf8+ Kg6 42. Qxe7 g4 43. Rg8+ Kh6 44. Qg5+ Kh7 45. Qg7# 1-0

[Event "AUTO-INT-2713"]
[Site "http://www.queenalice.com/game.php?id=1213001"]
[Date "2013.8.30"]
[Round "1"]
[White "WMazzini"]
[Black "TomasBlack"]
[Result "0-1"]
[WhiteElo "1425"]
[BlackElo "1627"]

1. c4 d5 2. e3 d4 3. e4 e5 4. Nf3 Nc6 5. d3 Bb4+ 6. Bd2 Qe7 7. a3 Bxd2+ 8. Nbxd2
Be6 9. Qa4 Nf6 10. Nxe5 Ng4 11. Nxc6 Qd6 12. Nxd4+ c6 13. Nxe6 Qxe6 14. h3 Ne5
15. b3 O-O 16. d4 Ng6 17. d5 Qe5 18. O-O-O Qc3+ 19. Kb1 Ne5 20. Be2 Nd3 21. dxc6
Qb2# 0-1

[Event "AUTO-OPEN-3076"]
[Site "http://www.queenalice.com/game.php?id=1215743"]
[Date "2013.9.10"]
[Round "1"]
[White "Ridigroll"]
[Black "WMazzini"]
[Result "1-0"]
[WhiteElo "2090"]
[BlackElo "1406"]

1. e4 d5 2. exd5 Qxd5 3. Nc3 Qc5 4. d4 Qb4 5. Nf3 Nf6 6. Bd2 Qxb2 7. Rb1 Qa3 8.
Nb5 Nd5 9. Nxa3 Nc6 10. Bc4 e6 11. Bxd5 exd5 12. Nb5 Bd7 13. Nxc7+ Kd8 14. Nxa8
Bg4 15. Rxb7 f5 16. Bg5+ Kc8 17. Rc7+ Kb8 18. Qb1+ Kxa8 19. Qb7# 1-0

[Event "AUTO-OPEN-3076"]
[Site "http://www.queenalice.com/game.php?id=1215744"]
[Date "2013.9.10"]
[Round "1"]
[White "WMazzini"]
[Black "Ridigroll"]
[Result "0-1"]
[WhiteElo "1401"]
[BlackElo "2113"]

1. e4 e6 2. e5 d5 3. d4 c5 4. f4 Nc6 5. Be3 Qb6 6. b3 cxd4 7. Bxd4 Qxd4 8. Qxd4
Nxd4 9. Bd3 Bd7 10. c3 Nc6 11. Nd2 Bc5 12. Ngf3 f6 13. a3 Be3 14. O-O-O Bxf4 15.
Rde1 Nxe5 16. Nxe5 fxe5 17. g3 Bxd2+ 18. Kxd2 Ne7 19. Rxe5 Nc6 20. Rg5 g6 21.
Rf1 O-O-O 22. b4 Rdf8 23. b5 Ne7 24. c4 dxc4 25. Bxc4 Rxf1 26. Bxf1 Nf5 27. g4
Nd4 28. Bg2 Rf8 29. Rc5+ Kb8 30. a4 Rf2+ 31. Ke3 Rxg2 32. Kxd4 Rxg4+ 33. Kd3
Rxa4 34. Kc3 Ra5 35. Kb4 Rxb5+ 36. Kc4 Rxc5+ 37. Kd4 Rd5+ 38. Ke4 a5 39. h3 a4
0-1

[Event "AUTO-OPEN-3076"]
[Site "http://www.queenalice.com/game.php?id=1215767"]
[Date "2013.9.10"]
[Round "1"]
[White "WMazzini"]
[Black "FabioDavid"]
[Result "0-1"]
[WhiteElo "1413"]
[BlackElo "2409"]

1. d4 Nf6 2. Be3 d5 3. f4 e6 4. Nf3 Bb4+ 5. Nc3 O-O 6. g3 Nbd7 7. Bg2 c5 8. b3
Bxc3+ 9. Kf1 Bxa1 10. Qxa1 Ng4 11. Qc1 Nxe3+ 12. Qxe3 cxd4 13. Qxd4 Qb6 14. Qd3
Nf6 15. Ng5 g6 16. Bf3 h6 17. Nh3 Ne4 18. Bxe4 dxe4 19. Qxe4 Qc6 20. Qxc6 bxc6
21. c4 c5 22. e4 Bb7 23. Nf2 Rfd8 24. Ke2 f5 25. Ke3 Bxe4 26. Nxe4 fxe4 27. Kxe4
Rd4+ 28. Ke5 Kf7 29. g4 Rad8 30. f5 gxf5 31. gxf5 exf5 32. Kxf5 Rd1 33. Rxd1
Rxd1 34. a3 a5 35. Ke4 Ke6 36. h4 Rh1 37. Kd3 Rxh4 38. Kc3 Rh3+ 39. Kb2 Rg3 40.
b4 axb4 41. axb4 cxb4 42. c5 h5 43. c6 h4 44. c7 Kd7 45. c8=Q+ Kxc8 46. Kc2 h3
47. Kb2 h2 48. Kc2 h1=Q 49. Kb2 Qh2+ 0-1

[Event "AUTO-OPEN-3076"]
[Site "http://www.queenalice.com/game.php?id=1215768"]
[Date "2013.9.10"]
[Round "1"]
[White "FabioDavid"]
[Black "WMazzini"]
[Result "1-0"]
[WhiteElo "2390"]
[BlackElo "1425"]

1. e4 e5 2. Nf3 d6 3. d4 f5 4. dxe5 dxe5 5. Qxd8+ Kxd8 6. Nxe5 Be6 7. exf5 Bxf5
8. Bc4 Nd7 9. Nf7+ Ke8 10. Nxh8 Bb4+ 11. c3 Bc5 12. O-O Ngf6 13. Nf7 a6 14. Re1+
Ne4 15. Be3 b5 16. Bd5 Rc8 17. Bxe4 Bxe4 18. Ng5 Nf6 19. Bxc5 h6 20. Nxe4 Nxe4
21. Rxe4+ Kf7 22. Na3 g5 23. Rae1 h5 24. Re7+ Kf6 25. R1e6+ Kf5 26. Re8 Rxe8 27.
Rxe8 g4 28. Nc2 h4 29. Ne3+ Kf4 30. g3+ hxg3 31. hxg3+ Kf3 32. Nxg4 Kxg4 33. Kg2
c6 34. Re5 a5 35. f3# 1-0

[Event "AUTO-OPEN-3076"]
[Site "http://www.queenalice.com/game.php?id=1215769"]
[Date "2013.9.10"]
[Round "1"]
[White "WMazzini"]
[Black "Narizinho"]
[Result "1-0"]
[WhiteElo "1412"]
[BlackElo "1334"]

1. f4 Nf6 2. c4 Nc6 3. Nf3 e6 4. d4 Bb4+ 5. Bd2 O-O 6. a3 Bxd2+ 7. Nbxd2 d5 8.
e3 dxc4 9. Bxc4 a6 10. O-O b5 11. Bd3 Rb8 12. Rc1 a5 13. Ng5 b4 14. Qf3 bxa3 15.
bxa3 Bb7 16. Qh3 Ne7 17. Nde4 Nxe4 18. Qxh7# 1-0

[Event "AUTO-OPEN-3076"]
[Site "http://www.queenalice.com/game.php?id=1215770"]
[Date "2013.9.10"]
[Round "1"]
[White "Narizinho"]
[Black "WMazzini"]
[Result "0-1"]
[WhiteElo "1311"]
[BlackElo "1404"]

1. e4 e5 2. Nf3 Nc6 3. Bb5 a6 4. Be2 d5 5. exd5 Qxd5 6. O-O Bg4 7. Nc3 Qd6 8. a3
g6 9. b4 f5 10. Ng5 Be7 11. Nf3 Nf6 12. b5 e4 13. Ng5 Qf4 14. Bxg4 Nxg4 15. Ne6
Qxh2# 0-1

[Event "AUTO-OPEN-3096"]
[Site "http://www.queenalice.com/game.php?id=1222774"]
[Date "2013.10.7"]
[Round "1"]
[White "WMazzini"]
[Black "rubenov"]
[Result "0-1"]
[WhiteElo "1411"]
[BlackElo "1871"]

1. e4 b6 2. d4 e6 3. f4 Bb7 4. Bd3 Nf6 5. Nc3 Bb4 6. Bd2 Bxc3 7. Bxc3 Nxe4 8.
Qe2 Qh4+ 9. g3 Nxg3 10. hxg3 Qxh1 11. O-O-O Qg2 12. Qxg2 Bxg2 0-1

[Event "AUTO-OPEN-3096"]
[Site "http://www.queenalice.com/game.php?id=1222775"]
[Date "2013.10.7"]
[Round "1"]
[White "rubenov"]
[Black "WMazzini"]
[Result "1-0"]
[WhiteElo "1873"]
[BlackElo "1409"]

1. d4 d5 2. Bg5 f5 3. e3 h6 4. Bh4 Nf6 5. Nc3 e6 6. Be2 g6 7. a3 c5 8. Nf3 Nc6
9. Bb5 g5 10. Bg3 Bd6 11. Bxd6 Qxd6 12. Ne5 a6 13. Nxc6 1-0

[Event "AUTO-OPEN-3096"]
[Site "http://www.queenalice.com/game.php?id=1222776"]
[Date "2013.10.7"]
[Round "1"]
[White "WMazzini"]
[Black "aurelianobuendia"]
[Result "0-1"]
[WhiteElo "1392"]
[BlackElo "1629"]

1. d4 d5 2. e3 c5 3. Nf3 c4 4. Ne5 f6 5. Nf3 Bg4 6. Be2 e5 7. dxe5 Bxf3 8. Bxf3
fxe5 9. Bxd5 Qa5+ 10. Nc3 Bb4 0-1

[Event "AUTO-OPEN-3096"]
[Site "http://www.queenalice.com/game.php?id=1222777"]
[Date "2013.10.7"]
[Round "1"]
[White "aurelianobuendia"]
[Black "WMazzini"]
[Result "1-0"]
[WhiteElo "1622"]
[BlackElo "1399"]

1. d4 d5 2. c4 f5 3. c5 Nf6 4. Nc3 Nc6 5. e3 e5 6. Bb5 Bd7 7. Bxc6 Bxc6 8. dxe5
Nd7 9. Nxd5 Nxe5 10. Nf3 Nc4 11. b3 1-0